[Event "Summer Festival Open"]
[Site "Lisbon POR"]
[Date "2000.08.22"]
[Round "2"]
[White "Schwarz,AR"]
[Black "Frois,A"]
[Result "0-1"]
[WhiteElo "2130"]
[BlackElo "2346"]

1.d4 d5 2.Nf3 Nf6 3.c4 e6 4.Nc3 Be7 5.Bf4 O-O 6.e3 c5 7.dxc5 Bxc5 8.Qc2 dxc4
9.Bxc4 a6 10.Bd3 Nc6 11.a3 Be7 12.O-O-O Qa5 13.Bg5 h6 14.h4 Bd7 15.Bxa6 Rxa6
16.Rxd7 Bxa3 17.Rxb7 Bb4 18.Rc7 Qc5 19.Ne4 Nxe4  0-1

[Event "Open"]
[Site "Porto San Giorgio ITA"]
[Date "2000.08.23"]
[Round "4"]
[White "Savchenko,S"]
[Black "Managadze,N"]
[Result "1/2-1/2"]
[WhiteElo "2579"]
[BlackElo "2456"]

1.d4 d5 2.c4 e6 3.Nc3 Nf6 4.Nf3 Be7 5.Bf4 O-O 6.e3 b6 7.cxd5 Nxd5 8.Nxd5 exd5
9.Bd3 c5 10.O-O Ba6 11.Bxa6 Nxa6 12.Ne5 Bf6 13.Qa4 Bxe5 14.Bxe5 Nb4 15.dxc5 bxc5
16.Rfd1 Re8 17.Bc3 Re4 18.Qb5 Qd6 19.Qb7 Rb8 20.Qxa7 Nc6 21.Qa6 d4 22.exd4 cxd4
23.Rxd4 Rxd4 24.Bxd4 Qxd4 25.Qxc6 Qxb2 26.Qc1 Qd4 27.Qd1 Qf6 28.Rb1 Rd8 29.Qe2 g6
30.g3 Qc3 31.Rd1 Ra8 32.h4 h5 33.Kh2 Qa3 34.Rd2 Rb8 35.Qe5 Qa8 36.Qf6 Re8
37.Qa1 Qf3 38.a4 g5 39.hxg5 h4 40.Qd1 hxg3+ 41.fxg3 Qf5 42.Rd8 Qf2+ 43.Kh3 Qf5+
44.g4 Qe4 45.Rxe8+ Qxe8 46.Qd4 Qe1 47.Qd8+ Kh7 48.Qd3+ Kg7 49.Qf3 Qd2 50.Kh4 Qh2+
51.Qh3 Qa2 52.Kh5 Qc2 53.Kh4 Qh7+ 54.Kg3 Qd3+ 55.Kh2 Qc2+ 56.Qg2 Qxa4 57.Qb2+ Kg8
58.Qb8+ Kh7 59.Kg3 Qe4  1/2-1/2

[Event "ch-FRA Pool A"]
[Site "Vichy FRA"]
[Date "2000.08.23"]
[Round "6"]
[White "Hauchard,A"]
[Black "Marciano,D"]
[Result "1/2-1/2"]
[WhiteElo "2539"]
[BlackElo "2522"]

1.c4 e6 2.Nc3 Nf6 3.Nf3 d5 4.d4 Be7 5.Bf4 O-O 6.e3 c5 7.dxc5 Bxc5 8.Be2 dxc4
9.Bxc4 a6 10.O-O b5 11.Bd3 Bb7 12.Nb1 Bc8 13.a3  1/2-1/2

[Event "ECh-u20 Girls"]
[Site "Aviles ESP"]
[Date "2000.08.24"]
[Round "8"]
[White "Radziewicz,I"]
[Black "Khukhashvili,S"]
[Result "0-1"]
[WhiteElo "2379"]
[BlackElo "2272"]

1.d4 d5 2.c4 e6 3.Nc3 Be7 4.Nf3 Nf6 5.Bf4 O-O 6.e3 c5 7.dxc5 Bxc5 8.Qc2 dxc4
9.Bxc4 Nc6 10.O-O a6 11.a3 Be7 12.Ba2 Bd7 13.Rad1 b5 14.Bb1 Qc8 15.e4 g6
16.e5 Nh5 17.Bh6 Rd8 18.Qe2 Qc7 19.Rfe1 Be8 20.g4 Rxd1 21.Nxd1 Ng7 22.Bg5 Bxg5
23.Nxg5 h6 24.Nf3 h5 25.h3 Na5 26.Be4 Rd8 27.Qe3 Nc4 28.Qh6 hxg4 29.hxg4 Nxe5
30.Ng5 Nxg4 31.Qh7+ Kf8 32.Qh4 Nf6 33.Qh8+ Ke7 34.Qxg7 Qc1 35.Re3 Rxd1+ 36.Kg2 Rg1+
37.Kf3 Qd1+ 38.Re2 Rxg5  0-1

[Event "ch-ISL KO"]
[Site "Kopavogur ISL"]
[Date "2000.08.24"]
[Round "1.3"]
[White "Gretarsson,H"]
[Black "Kristjansson,S"]
[Result "0-1"]
[WhiteElo "2563"]
[BlackElo "2281"]

1.d4 e6 2.c4 Nf6 3.Nf3 d5 4.Nc3 Be7 5.Bf4 c6 6.e3 b6 7.cxd5 exd5 8.Ne5 O-O
9.Bd3 Bb7 10.Rc1 Nbd7 11.O-O Re8 12.Bb1 Nxe5 13.dxe5 Nd7 14.e4 d4 15.e6 fxe6
16.Qxd4 e5 17.Qc4+ Kh8 18.Bg3 Qc8 19.Qf7 Bc5 20.Rcd1 Nf6 21.Ne2 Rf8 22.Qb3 Ba6
23.Qc2 Qe8 24.a3 Qh5 25.Rde1 Rad8 26.b4 Bd4 27.Kh1 Ng4 28.Nxd4 Rxd4 29.f3 Ne3
30.Rxe3 Bxf1 31.Qxc6 Rd1 32.Re1 Rxe1 33.Bxe1 Bxg2+  0-1

[Event "Summer Festival Open"]
[Site "Lisbon POR"]
[Date "2000.08.24"]
[Round "4"]
[White "Kazhgaleyev,M"]
[Black "Frois,A"]
[Result "1-0"]
[WhiteElo "2526"]
[BlackElo "2346"]

1.d4 d5 2.c4 e6 3.Nf3 Nf6 4.Nc3 Be7 5.Bf4 c5 6.dxc5 Na6 7.e3 Nxc5 8.Qc2 O-O
9.O-O-O Qa5 10.Kb1 a6 11.cxd5 exd5 12.Ng5 Nce4 13.Ngxe4 dxe4 14.Bc4 Bg4 15.Nd5 Nxd5
16.Rxd5 Qb6 17.Qxe4 Bf6 18.Bb3 Rad8 19.Rc1 Rc8 20.Rd2 Qa5 21.Qd5 Rxc1+ 22.Kxc1 b5
23.f3 Be6 24.Qd3 Rd8 25.Bd6 Be7 26.Bxe6 fxe6 27.Qe4 Kf7 28.Qb7 Rxd6 29.Rxd6 Qxa2
30.Qc7 Qa1+ 31.Kc2 Qa4+ 32.Kb1 Qb4 33.Rd3 Qe1+ 34.Qc1 Qb4 35.Qc3 Qa4 36.e4 b4
37.Qc4 Qa5 38.f4 Qb6 39.f5  1-0

[Event "ch-ESP"]
[Site "Barcelona ESP"]
[Date "2000.08.27"]
[Round "9"]
[White "Oms Pallise,J"]
[Black "Gomez Esteban,J"]
[Result "1/2-1/2"]
[WhiteElo "2430"]
[BlackElo "2516"]

1.d4 d5 2.c4 e6 3.Nf3 Nf6 4.Nc3 Be7 5.Bf4 O-O 6.e3 c5 7.dxc5 Bxc5 8.cxd5 Nxd5
9.Nxd5 exd5 10.a3 Nc6 11.Bd3 Bb6 12.O-O d4 13.e4 Bg4 14.h3 Bh5 15.g4 Bg6
16.Nd2 Re8 17.Bg3 f6 18.f4 Qd7 19.Qf3 Bf7 20.Kg2 Na5 21.Rac1 Rac8 22.h4 Rxc1
23.Rxc1 Rc8 24.Rxc8+ Qxc8 25.Qd1 Qd7 26.Qe2 Qc6 27.f5 Bc7 28.Qf2 Bb6 29.Qf4 h6
30.Qb8+ Qe8 31.Qd6 Nb3 32.Nxb3 Bxb3 33.Qb4 Bf7 34.Kf3 Qc6 35.Bf4 Bc5 36.Qd2 Bd6
37.Bxd6 Qxd6 38.g5 hxg5 39.hxg5 Kf8 40.g6 Be8 41.Qg2 Bc6 42.Qh3 Ke8 43.Qh8+ Qf8
44.Qh2 Qe7 45.Qh4 Kd7 46.Ke2 Kc7 47.Kd2 Kb6 48.Qf4 a5 49.Ke2 Ka7 50.Kf3 b6
51.Bc4 Bb7 52.Bd3 Qc5 53.Kg4 Qe7 54.Kg3 Qc5 55.Kf3 Qe7 56.Kg4 Qc5 57.Qd2 Qe5
58.Qc2 Qd6 59.Qc4 Qh2 60.Qxd4 Qg2+ 61.Kh4 Qh2+ 62.Kg4 Qg2+ 63.Kh4 Qh2+ 64.Kg4 Qg2+  1/2-1/2

[Event "chT-POL"]
[Site "Zakopane chT"]
[Date "2000.09.04"]
[Round "3"]
[White "Skalik,P"]
[Black "Ostrowski,L"]
[Result "1-0"]
[WhiteElo "2420"]
[BlackElo "2375"]

1.Nf3 Nf6 2.c4 e6 3.Nc3 d5 4.d4 Be7 5.Bf4 O-O 6.e3 Nbd7 7.c5 Nh5 8.Bd3 Nxf4
9.exf4 b6 10.b4 c6 11.O-O bxc5 12.bxc5 Qa5 13.Qc2 g6 14.Rab1 Ba6 15.Bxa6 Qxa6
16.Nd1 Rab8 17.Ne3 Rxb1 18.Rxb1 Rb8 19.Rxb8+ Nxb8 20.Qb3 Qb5 21.Nd2 Kg7 22.a4 Qxb3
23.Nxb3 Bd8 24.g3 Bc7 25.Kf1 h5 26.Ke2 f6 27.Nc2 Kf7 28.Nb4 Ke7 29.Ke3 Kf7
30.h3 Ke7 31.g4 hxg4 32.hxg4 a5 33.Nd3 Nd7 34.g5 Kf7 35.Kf3 Bd8 36.gxf6 Kxf6
37.Kg4 Bc7 38.Ne5 Nb8 39.Nc1 Bd8 40.Ncd3 Bc7 41.Ne1 Bd8 42.N1f3 Bc7 43.Nh4 Bd8
44.Nhxg6 Bc7 45.Nh4 Bd8 46.f5 Bc7 47.f4 exf5+ 48.Nxf5 Ke6 49.Kg5 Bd8+ 50.Kg6 Bf6
51.Nd6 Bh4 52.f5+ Ke7 53.Nf3  1-0

[Event "chT-POL"]
[Site "Zakopane chT"]
[Date "2000.09.10"]
[Round "8"]
[White "Schmidt,Wl"]
[Black "Skalik,P"]
[Result "1/2-1/2"]
[WhiteElo "2434"]
[BlackElo "2420"]

1.Nf3 d5 2.d4 Nf6 3.c4 e6 4.Nc3 Be7 5.Bf4 O-O 6.e3 Nbd7 7.Rc1 c5 8.a3 cxd4
9.exd4 dxc4 10.Bxc4 Nb6 11.Ba2 Nbd5 12.Nxd5 Nxd5 13.Be5 b6 14.Qd3  1/2-1/2

[Event "World Seniors (Women)"]
[Site "Rowy POL"]
[Date "2000.09.14"]
[Round "4"]
[White "Krawcewicz,L"]
[Black "Dymshits,G"]
[Result "1-0"]
[WhiteElo "2026"]
[BlackElo "2031"]

1.d4 d5 2.Nf3 Nf6 3.c4 e6 4.Nc3 Be7 5.Bf4 O-O 6.e3 a6 7.Rc1 c6 8.Bd3 Nbd7
9.e4 dxc4 10.Bxc4 b5 11.Bd3 c5 12.O-O cxd4 13.Nxd4 Bb7 14.e5 Nd5 15.Nxd5 Bxd5
16.Qg4 Re8 17.Qh3 g6 18.Nc6 Bxc6 19.Rxc6 Qa5 20.Bb1 Rac8 21.Qf3 Nc5 22.h3 b4
23.Rd1 Qb5 24.Rxc8 Rxc8 25.Rc1 Rd8 26.Qe3 Na4 27.Bg5 Qd7 28.Bxe7 Qxe7 29.Qb3 Nb6
30.a3 a5 31.Be4 Rd4 32.Qe3 Qd8 33.Bf3 bxa3 34.Qxa3 Nc4 35.Qc3 Nxe5 36.Be2 Qb6
37.b3 Rd5 38.Kf1 Qd8 39.Ra1 Nd7 40.Bc4 Rc5 41.Rd1 Qc7 42.Kg1 Nb6 43.Qf6 Nd5
44.Qf3 Qe5 45.g3 Kg7 46.Kf1 Nb6 47.Re1 Qf5 48.Qc3+ e5 49.Kg2 Nxc4 50.bxc4 f6
51.Qe3 Qc8 52.Ra1 Qc7 53.Qd2 a4 54.Rc1 Rxc4 55.Rxc4 Qxc4 56.Qd7+ Kh6 57.Qd2+ g5
58.h4 Qd4 59.hxg5+ fxg5 60.Qa5 Qe4+ 61.Kg1 Kh5 62.Qc7 g4 63.Qf7+ Qg6 64.Qe7 e4
65.Qh4+  1-0

[Event "World Seniors"]
[Site "Rowy POL"]
[Date "2000.09.18"]
[Round "7"]
[White "Arkhangelsky,B"]
[Black "Viner,P"]
[Result "1/2-1/2"]
[WhiteElo "2424"]
[BlackElo "2195"]

1.Nf3 Nf6 2.c4 e6 3.Nc3 d5 4.d4 Be7 5.Bf4 O-O 6.e3 a6 7.c5 Nbd7 8.h3 Ne4
9.Nxe4 dxe4 10.Nd2 e5 11.Bxe5 Nxe5 12.dxe5 Bxc5 13.Nxe4 Bb4+ 14.Nc3 Qe7 15.Qb3 Be6
16.Bc4 Bxc4 17.Qxc4 Rfe8 18.a3 Bxc3+ 19.Qxc3 Qxe5 20.Qxe5 Rxe5 21.O-O-O Kf8
22.Rd4 Rae8 23.Rhd1 Rc5+ 24.Kb1 h5 25.R1d2 g6 26.h4 Re7 27.Rb4 b6 28.Rbd4 a5
29.e4 f5 30.exf5 Rxf5 31.Kc2 Rc5+ 32.Kd1 Rce5 33.Rd8+ Kg7  1/2-1/2

[Event "TCh-FIN 00-01"]
[Site "FIN"]
[Date "2000.09.24"]
[Round "2"]
[White "Byggmastar,L"]
[Black "Paldanius,P"]
[Result "1-0"]
[WhiteElo "2228"]
[BlackElo "2238"]

1.d4 d5 2.c4 e6 3.Nc3 Be7 4.Nf3 Nf6 5.Bf4 O-O 6.e3 c5 7.Bd3 Nc6 8.dxc5 Bxc5
9.O-O a6 10.Na4 Ba7 11.c5 Re8 12.Ne5 Nxe5 13.Bxe5 Nd7 14.Bd6 Nf8 15.e4 Bd7
16.Nc3 Bc6 17.exd5 exd5 18.Bc2 Qg5 19.f4 Qf6 20.Kh1 d4 21.Ne2 Ne6 22.b4 Rad8
23.f5 Qg5 24.Ng3 Rxd6 25.cxd6 Nf4 26.Rf3 h5 27.Qd2 Bxf3 28.gxf3 d3 29.Bxd3 Be3
30.Qc2 h4 31.Ne4 Qxf5 32.Re1 Qh3 33.Ng5 Qd7  1-0

[Event "XVI ECC"]
[Site "Neum BIH"]
[Date "2000.09.28"]
[Round "5"]
[White "Malaniuk,V"]
[Black "Kotan,L"]
[Result "1-0"]
[WhiteElo "2548"]
[BlackElo "2434"]

1.d4 d5 2.c4 e6 3.Nc3 Be7 4.Nf3 Nf6 5.Bf4 O-O 6.e3 a6 7.c5 Nc6 8.a3 Nh5 9.Bd3 Nxf4
10.exf4 f5 11.h4 Bf6 12.Be2 Bd7 13.b4 Qe7 14.g3 Be8 15.Qd3 Bh5 16.Nd2 Bxe2
17.Nxe2 Rfc8 18.O-O Qf7 19.Nf3 h6 20.Qe3 Re8 21.Kg2 Qd7 22.Qc3 Rec8 23.Nc1 Nd8
24.Nd3 Nc6 25.Rfe1 Re8 26.Re2 Kh7 27.Rae1 Kg8 28.Ra2 Kh7 29.a4 g6 30.Nc1 b5
31.axb5 axb5 32.Ree2 Qf7 33.Nb3 Qg8 34.Qe1 Ra4 35.Rxa4 bxa4 36.Na5 Nxd4 37.Nxd4 Bxd4
38.Qd1 Bc3 39.Qxa4 Qf7 40.Qb3 Qg7 41.Nc6 Bf6 42.b5 Qd7 43.Ra2 Rg8 44.Ra7 d4
45.Qf3  1-0

[Event "V ECC Women"]
[Site "Halle GER"]
[Date "2000.09.30"]
[Round "7"]
[White "Galliamova,A"]
[Black "Khusnutdinova,L"]
[Result "1-0"]
[WhiteElo "2526"]
[BlackElo "2209"]

1.Nf3 d5 2.d4 Nf6 3.c4 e6 4.Nc3 Be7 5.Bf4 c6 6.e3 O-O 7.c5 b6 8.b4 a5 9.a3 Ba6
10.Bxa6 Nxa6 11.Ne5 Qc8 12.Na4 Bd8 13.cxb6 axb4 14.axb4 Qb7 15.Nc5 Qxb6 16.O-O Qb5
17.Qa4 Nc7 18.Qxb5 cxb5 19.Nc6 e5 20.Bxe5 Rxa1 21.Rxa1 Ne6 22.Ra8 Bb6 23.Ne7+  1-0

[Event "Bundesliga 2000-1"]
[Site "Solingen GER"]
[Date "2000.10.15"]
[Round "2"]
[White "Piket,Je"]
[Black "Schandorff,L"]
[Result "1-0"]
[WhiteElo "2649"]
[BlackElo "2520"]

1.d4 Nf6 2.c4 e6 3.Nf3 d5 4.Nc3 Be7 5.Bf4 O-O 6.e3 c5 7.dxc5 Bxc5 8.a3 Nc6
9.Qc2 Qa5 10.O-O-O Be7 11.Kb1 Bd7 12.g4 Rfd8 13.Nd2 a6 14.g5 Ne4 15.Ncxe4 dxe4
16.Nb3 Qf5 17.Bg2 e5 18.Bxe4 Qh3 19.Bg3 Bxg5 20.Rhg1 Be7 21.Rd5 Be6 22.Nc5 Bxc5
23.Rxc5 f6 24.f4 exf4 25.Bxf4 Rac8 26.Qe2 Ne5 27.Rxc8 Rxc8 28.Bxe5 fxe5 29.Bxb7 Rxc4
30.Qd2 Qf5+ 31.e4 Qf6 32.Qd6 Rd4 33.Qxa6 h6 34.Bc8 Rd6 35.Qb7 Bf7 36.Bh3 Qd8
37.Qc8 Qxc8 38.Bxc8 Bb3 39.Bg4 Rd4  1-0

[Event "TCh-SVK"]
[Site "SVK"]
[Date "2000.10.21"]
[Round "1"]
[White "Kolesar,Mil"]
[Black "Kral,P HUN"]
[Result "1-0"]
[WhiteElo "2158"]
[BlackElo "2225"]

1.Nf3 d5 2.d4 Nf6 3.c4 e6 4.Nc3 Be7 5.Bf4 O-O 6.e3 b6 7.cxd5 Nxd5 8.Nxd5 Qxd5
9.Bd3 c6 10.O-O Bb7 11.Qc2 Qh5 12.Ne5 f6 13.Be2 Qe8 14.Nf3 Qd7 15.Bd3 f5
16.Bc4 Bc8 17.Rac1 Bd6 18.Bg3 Bxg3 19.hxg3 Qd6 20.Bb3 a5 21.Rfd1 Ra7 22.Ne5 Bd7
23.a3 g6 24.Rd2 Rc8 25.Ba2 Rb7 26.Qc4 Re8 27.Qe2 Kg7 28.Rdc2 Re7 29.Qf3 Be8
30.Qf4 Bd7 31.Nxg6 Qxf4 32.Nxf4 Kf6 33.Nd3 Be8 34.f4 Rg7 35.Kf2 Rg8 36.Rh1 h5
37.Ne5 Rbg7 38.Rh3 Rb7 39.Bc4 Rh7 40.Be2 Ke7 41.Nc4 Nd7 42.Bf3 c5 43.dxc5 bxc5
44.Nxa5 e5 45.Nc6+ Ke6 46.Nxe5 Nxe5 47.fxe5 Rc7 48.Rh4 Bb5 49.Rxh5 Bd3 50.Rc3 c4
51.b3 Rb8 52.bxc4 Rb2+ 53.Kg1 Be2 54.Bd5+ Kxe5 55.Rh6 Re7 56.a4 Rb1+ 57.Kh2 Ra1
58.Rb3 Rxa4 59.Rb7 Re8 60.Rbb6 Bxc4 61.Bc6 Raa8 62.Bxa8 Rxa8 63.Rb7 Re8 64.Kg1 Bd5
65.Rb2 Ra8 66.Rh4 Ra1+ 67.Kf2 Be4 68.g4 Bd3 69.gxf5 Rf1+ 70.Kg3 Rxf5 71.Ra2 Ke6
72.Rh6+ Kf7 73.Ra7+ Kg8 74.Rd6  1-0

[Event "Belgian Interteams 2000-1"]
[Site "BEL"]
[Date "2000.10.22"]
[Round "2"]
[White "Chuchelov,V"]
[Black "Vanderstricht,G"]
[Result "1-0"]
[WhiteElo "2535"]
[BlackElo "2369"]

1.Nf3 Nf6 2.c4 e6 3.Nc3 d5 4.d4 Be7 5.Bf4 O-O 6.e3 c5 7.dxc5 Bxc5 8.cxd5 Nxd5
9.Nxd5 exd5 10.a3 Nc6 11.Bd3 d4 12.Bxh7+ Kxh7 13.Qc2+ Kg8 14.Qxc5 dxe3 15.Bxe3 Bg4
16.Qg5 Qxg5 17.Nxg5 Ne5 18.O-O Nc4 19.h3 Bh5 20.Rac1 b5 21.b3 Nxe3 22.fxe3 Rfe8
23.Rc3 a5 24.Rf4 Rac8 25.Rxc8 Rxc8 26.Rf5 f6 27.Ne6 Be8 28.Rc5 Rxc5 29.Nxc5 Kf8
30.Kf2 Ke7 31.e4 Bc6 32.Ke3 f5 33.g3 fxe4 34.Nxe4 Bd5 35.b4 axb4 36.axb4 Bc4
37.Kd4 Bf1 38.h4 Ke6 39.Nd2 Be2 40.Ke4 Kd6 41.Nb3 Bg4 42.Nd4 Bd7 43.Nf5+  1-0

[Event "22nd Open"]
[Site "Arco ITA"]
[Date "2000.10.23"]
[Round "3"]
[White "Schaefer,Mi"]
[Black "Astengo,M"]
[Result "1-0"]
[WhiteElo "2221"]
[BlackElo "2060"]

1.d4 d5 2.c4 e6 3.Nc3 Be7 4.Nf3 Nf6 5.Bf4 c6 6.e3 Qb6 7.Qc2 O-O 8.h3 c5 9.cxd5 Nxd5
10.Nxd5 exd5 11.Bd3 Nc6 12.dxc5 Bxc5 13.a3 d4 14.e4 Be6 15.b4 Be7 16.O-O Rac8
17.Qe2 Rfd8 18.Rac1 Bd6 19.Bxd6 Rxd6 20.e5 Rdd8 21.Qe4 g6 22.Qh4 Bd5 23.Ng5 h5
24.Rfe1 Re8 25.e6 Kg7 26.exf7 Bxf7 27.Nxf7 Kxf7 28.Qf4+ Kg7 29.Qg5 Rxe1+
30.Rxe1 Nd8 31.Re7+ Nf7 32.Qd5 Rc1+ 33.Kh2 Qf6 34.Re2 Rc3 35.Bc4 Rxa3 36.Qxb7 Qf4+
37.g3 Qf5 38.Bxf7 Qxf7 39.Re7 Rf3 40.Rxf7+ Rxf7 41.Qd5 Rxf2+ 42.Kg1 Rd2 43.Kf1 d3
44.Ke1  1-0

[Event "34th Olympiad Women"]
[Site "Istanbul TUR"]
[Date "2000.10.28"]
[Round "1"]
[White "Alieva,E"]
[Black "Watai,M"]
[Result "1-0"]
[WhiteElo "2240"]
[BlackElo "2039"]

1.d4 Nf6 2.c4 e6 3.Nf3 d5 4.Nc3 Be7 5.Bf4 c6 6.e3 O-O 7.Qc2 Nbd7 8.Rd1 dxc4
9.Bxc4 Nd5 10.Bg3 N7f6 11.e4 Nxc3 12.bxc3 Qa5 13.Bd3 h6 14.Ne5 Nh5 15.Nc4 Qd8
16.Qe2 Nf6 17.O-O b6 18.f4 c5 19.Bh4 Bb7 20.dxc5 Bxc5+ 21.Kh1 Be7 22.Bxf6 gxf6
23.Qh5 Kg7 24.Rf3 Rh8 25.Rg3+ Kf8 26.Qg4 Ke8 27.Na5 Qxd3 28.Rgxd3 bxa5 29.f5 e5
30.Rd7 Bc6 31.Rc7 Ba4 32.Rb1 Bd8 33.Rcb7 Bb6 34.Qg7 Rf8 35.Qxf6  1-0

[Event "34th Olympiad"]
[Site "Istanbul TUR"]
[Date "2000.10.29"]
[Round "2"]
[White "Quinn,M"]
[Black "Bruzon,L"]
[Result "1/2-1/2"]
[WhiteElo "2381"]
[BlackElo "2534"]

1.c4 e6 2.Nf3 d5 3.d4 Nf6 4.Nc3 Be7 5.Bf4 O-O 6.e3 c5 7.dxc5 Bxc5 8.Qc2 Nc6
9.a3 Qa5 10.O-O-O Ne4 11.Nxe4 dxe4 12.Qxe4 Bxa3 13.bxa3 Qxa3+ 14.Kd2 Rd8+
15.Ke2 Qb2+ 16.Ke1 Qc3+ 17.Ke2 Qb2+ 18.Ke1 Qc3+  1/2-1/2

[Event "34th Olympiad"]
[Site "Istanbul TUR"]
[Date "2000.10.29"]
[Round "2"]
[White "Pitterson,J"]
[Black "Mera Cedeno,A"]
[Result "1-0"]
[WhiteElo "2262"]
[BlackElo "2376"]

1.d4 d5 2.Nf3 Nf6 3.c4 e6 4.Nc3 Be7 5.Bf4 a6 6.e3 O-O 7.Qc2 Nbd7 8.h3 c5
9.cxd5 exd5 10.Rd1 c4 11.Ne5 Qa5 12.Be2 Ne4 13.Nxc4 dxc4 14.Qxe4 Bb4 15.O-O Nf6
16.Qf3 Bxc3 17.bxc3 Qxa2 18.e4 Bd7 19.Rd2 Qa5 20.d5 b5 21.e5 Ne8 22.e6 fxe6
23.dxe6 Bxe6 24.Qxa8 Nf6 25.Qc6 Bf5 26.Qc5 Bg6 27.Bxc4+ Kh8 28.Qxf8+  1-0

[Event "34th Olympiad"]
[Site "Istanbul TUR"]
[Date "2000.10.30"]
[Round "3"]
[White "Stohl,I"]
[Black "Lputian,S"]
[Result "1/2-1/2"]
[WhiteElo "2578"]
[BlackElo "2598"]

1.c4 e6 2.Nf3 d5 3.d4 Nf6 4.Nc3 Be7 5.Bf4 O-O 6.e3 Nbd7 7.Qc2 c5 8.dxc5 Nxc5
9.O-O-O Bd7 10.Ne5 Rc8 11.Kb1 Qe8 12.Nxd7 Ncxd7 13.Qa4 Nb6 14.Qxe8 Rfxe8
15.cxd5 Nfxd5 16.Nxd5 Nxd5 17.Bg3 h5 18.e4 h4 19.exd5  1/2-1/2

[Event "34th Olympiad"]
[Site "Istanbul TUR"]
[Date "2000.10.30"]
[Round "3"]
[White "Wu Wenjin"]
[Black "Barsov,A"]
[Result "1/2-1/2"]
[WhiteElo "2601"]
[BlackElo "2534"]

1.Nf3 d5 2.d4 Nf6 3.c4 e6 4.Nc3 Be7 5.Bf4 O-O 6.e3 c5 7.dxc5 Bxc5 8.a3 Nc6
9.Rc1 a6 10.Be2 dxc4 11.Bxc4 Qxd1+ 12.Rxd1 b5 13.Bd3 Rd8 14.Ne4 Be7 15.Bc7 Rd7
16.Bg3 Nxe4 17.Bxe4 Rxd1+ 18.Kxd1 Bb7 19.Kc1 Rd8 20.Ne5 f6 21.Nxc6 Bxc6 22.Bxc6 Rc8
23.Kb1 Rxc6 24.Rd1 e5 25.Rd7 Bf8 26.Ka2 h5 27.Kb3 Kh7 28.Rb7 Kh6 29.a4 bxa4+
30.Kxa4 g5 31.h4 g4 32.Ka5 Bd6 33.e4 Kg6 34.Rd7 Bc7+ 35.Ka4 Bb6 36.b4 Bd4
37.Ka5 Rc2 38.Kxa6 Ra2+ 39.Kb7 Rb2 40.Kc6 Rxb4 41.Kd5 Rb2 42.Ke6 Bxf2 43.Bxf2 Rxf2
44.Rf7 g3 45.Rf8 Kg7 46.Rf7+ Kg6  1/2-1/2

[Event "34th Olympiad"]
[Site "Istanbul TUR"]
[Date "2000.10.31"]
[Round "4"]
[White "Pelletier,Y"]
[Black "Arlandi,E"]
[Result "1-0"]
[WhiteElo "2474"]
[BlackElo "2437"]

1.Nf3 d5 2.d4 Nf6 3.c4 e6 4.Nc3 Be7 5.Bf4 O-O 6.e3 c5 7.dxc5 Bxc5 8.cxd5 Nxd5
9.Nxd5 exd5 10.a3 Nc6 11.Bd3 Bb6 12.O-O Bg4 13.h3 Bh5 14.b4 Re8 15.Ra2 Ne5
16.Be2 Nc4 17.Qb3 Bc7 18.Rd1 Rc8 19.Bxc7 Rxc7 20.Qa4 Qb8 21.Qb5 f6 22.Bxc4 Rxc4
23.Qxd5+ Bf7 24.Qb5 a6 25.Qa5 Rc7 26.Raa1 Bc4 27.Rac1 b6 28.Qf5 Be6 29.Qd3 a5
30.Qb5 Rec8 31.Rxc7 Qxc7 32.Nd4 Bd7 33.Qd5+ Kh8 34.bxa5 bxa5 35.Rb1 Be8 36.Rb7 Qc1+
37.Kh2 Qxa3 38.Nf5 Bc6 39.Qxc6  1-0

[Event "Chigorin Mem"]
[Site "St Petersburg RUS"]
[Date "2000.10.31"]
[Round "1"]
[White "Maiorov,N"]
[Black "Akhmadeev,V"]
[Result "1-0"]
[WhiteElo "2211"]
[BlackElo "2427"]

1.d4 d5 2.c4 e6 3.Nc3 Be7 4.Nf3 Nf6 5.Bf4 O-O 6.e3 c5 7.dxc5 Bxc5 8.Qc2 Nc6
9.a3 Qa5 10.O-O-O a6 11.Nd2 Be7 12.Kb1 Bd7 13.Nb3 Qb6 14.cxd5 exd5 15.Na4 Qa7
16.Nac5 Be6 17.Bd3 Rac8 18.Nxe6 fxe6 19.Qe2 Qb6 20.Ka2 Rfe8 21.Rc1 e5 22.Bg5 Rcd8
23.Rhd1 h6 24.Bh4 Nd7 25.Bg3 Nf8 26.e4 Bg5 27.Rc2 d4 28.Bc4+ Kh7 29.Qg4 Nd7
30.h4 Bf6 31.Bf7 Re7 32.Bd5 Kh8 33.Rdc1 Ndb8 34.Nc5 Rde8 35.Nd3 Rc7 36.f4 Rce7
37.fxe5 Nxe5 38.Bxe5 Bxe5 39.Nxe5 Rxe5 40.Rc7 Qf6 41.Rf7 Rxe4 42.Qxe4 Qxf7
43.Bxf7 Rxe4 44.Bg6  1-0

[Event "34th Olympiad"]
[Site "Istanbul TUR"]
[Date "2000.11.01"]
[Round "5"]
[White "Bagirov,R"]
[Black "Meijers,V"]
[Result "1/2-1/2"]
[WhiteElo "2471"]
[BlackElo "2478"]

1.d4 Nf6 2.c4 e6 3.Nc3 d5 4.Nf3 Be7 5.Bf4 O-O 6.e3 b6 7.cxd5 Nxd5 8.Nxd5 exd5
9.Bd3 c5 10.O-O Bb7 11.dxc5 bxc5 12.Qe2 Nd7 13.e4 d4 14.Nd2 Nb6 15.Nc4 Nxc4
16.Bxc4 Qb6 17.Rae1 a5 18.b3 Ba6 19.Rc1 h6 20.Rfd1 a4 21.bxa4 Bxc4 22.Rxc4 Ra7
23.Qc2 Rb7 24.Bc1 Qb1 25.Qe2 Ra8 26.g3 Qb6 27.Rd3 Qb1 28.Rd1 Qb6 29.Ba3 Ra5
30.Qc2 Qa6 31.e5 Rb8 32.Rc1 Ra8 33.Bxc5 d3 34.Qd2 Rc8 35.Be3 Rxc4 36.Rxc4 Qxc4
37.Qxa5 Bb4 38.Qb5 Qc3 39.Qe8+ Kh7 40.Qxf7 Qxe5 41.Qd7 Qe4 42.Bd4 Qe1+ 43.Kg2 Qe4+
44.Kh3 Be7 45.Bc3 h5 46.Bd2 Qe2 47.Qf5+  1/2-1/2

[Event "4th OIBM"]
[Site "Bad Wiessee GER"]
[Date "2000.11.02"]
[Round "6"]
[White "Savchenko,S"]
[Black "Rieling,T"]
[Result "1-0"]
[WhiteElo "2579"]
[BlackElo "2186"]

1.d4 Nf6 2.c4 e6 3.Nc3 d5 4.Nf3 Be7 5.Bf4 O-O 6.e3 c5 7.dxc5 Qa5 8.a3 dxc4
9.Bxc4 Qxc5 10.Qe2 a6 11.O-O b5 12.Bd3 Bb7 13.e4 Nbd7 14.h3 Rfd8 15.Rac1 Qh5
16.b4 Rac8 17.Qe3 h6 18.Ne2 e5 19.Bh2 Nh7 20.Ng3 Qg6 21.Nf5 Qe6 22.Qa7 Ba8
23.Rxc8 Rxc8 24.Nxe5 Nhf6 25.Nxd7 Nxd7 26.Nxe7+  1-0

[Event "34th Olympiad Women"]
[Site "Istanbul TUR"]
[Date "2000.11.02"]
[Round "6"]
[White "Timon Piote,S"]
[Black "Koglin,A"]
[Result "0-1"]
[WhiteElo "2248"]
[BlackElo "2302"]

1.d4 d5 2.c4 e6 3.Nf3 Nf6 4.Nc3 Be7 5.Bf4 O-O 6.e3 c5 7.dxc5 Bxc5 8.cxd5 Nxd5
9.Nxd5 exd5 10.a3 Nc6 11.Bd3 Bb6 12.O-O Qf6 13.b4 Bf5 14.b5 Nd4 15.Nxd4 Bxd4
16.Rc1 Bb6 17.Bxf5 Qxf5 18.Bc7 Rfc8 19.Bxb6 axb6 20.Qd4 Qe6 21.h3 h6 22.a4 Rc4
23.Qd3 Raxa4 24.Rfd1 Rxc1 25.Rxc1 Rc4 26.Ra1 Rc8 27.Rd1 Rc5 28.Ra1 Qe4 29.Ra8+ Kh7
30.Qxe4+ dxe4 31.Rb8 Rxb5 32.Rxb7 Kg6 33.Kh2 Kf6 34.Kg3 g5 35.h4 Ke6 36.hxg5 hxg5
37.Kg4 Kf6 38.Rc7 Rc5 39.Rb7 Rc6 40.Rb8 Rd6 41.f3 exf3 42.gxf3 Re6 43.e4 Rc6
44.Rb7 Kg6 45.Rb8 f6 46.Rb7 Re6 47.Rb8 Rd6 48.Rb7 Rc6 49.Rb8 Kf7 50.Rb7+ Ke6
51.Rb8 Ke5 52.Rb7 Kd4 53.Rd7+ Kc4 54.Rd1 Kb3 55.Rd5 Kb4 56.e5 Rc4+ 57.Kh5 fxe5
58.Rxe5 Rf4 59.Re4+ Kc5 60.Rxf4 gxf4 61.Kg5 Kd4 62.Kxf4 b5 63.Kg5 b4 64.f4 b3
65.f5 b2 66.f6 b1=Q 67.f7 Qb8  0-1

[Event "34th Olympiad"]
[Site "Istanbul TUR"]
[Date "2000.11.02"]
[Round "6"]
[White "Nielsen,PH"]
[Black "Short,N"]
[Result "1/2-1/2"]
[WhiteElo "2578"]
[BlackElo "2677"]

1.d4 Nf6 2.c4 e6 3.Nf3 d5 4.Nc3 Be7 5.Bf4 O-O 6.e3 c5 7.dxc5 Bxc5 8.cxd5 Nxd5
9.Nxd5 exd5 10.a3 Nc6 11.Bd3 Be7 12.O-O Be6 13.Rc1 Bf6 14.b4 a6 15.Rc5 Re8
16.Qb1 h6 17.h3 Qb6 18.Rfc1 Be7 19.R5c2 Bf6 20.Rc5 Be7 21.R5c2 Bf6 22.Rd2  1/2-1/2

[Event "4th OIBM"]
[Site "Bad Wiessee GER"]
[Date "2000.11.03"]
[Round "7"]
[White "Gyimesi,Z"]
[Black "Doettling,F"]
[Result "1/2-1/2"]
[WhiteElo "2539"]
[BlackElo "2473"]

1.d4 Nf6 2.c4 e6 3.Nf3 d5 4.Nc3 Be7 5.Bf4 O-O 6.e3 c5 7.dxc5 Bxc5 8.cxd5 Nxd5
9.Nxd5 exd5 10.a3 Nc6 11.Bd3 Bb6 12.O-O d4 13.e4 Bg4 14.h3 Qf6 15.hxg4 Qxf4
16.Nh2 Ne5 17.g3 Qf6 18.f4 Nxd3 19.Qxd3 Rac8 20.Kg2 Rfe8 21.Rfe1 Qe6 22.Re2 f6
23.Rd1 h6 24.f5 Qc4 25.Nf3 Qxd3 26.Rxd3 Rc7 27.Nh4 Rec8 28.Ng6 Rc2 29.Kf3 Rxe2
30.Kxe2 Rc2+ 31.Rd2 Rxd2+ 32.Kxd2 Bc7 33.Nf4 Be5 34.Kd3 Kh7 35.b3 a6 36.a4 b5
37.axb5 axb5 38.Ne2 b4 39.Nf4 h5 40.gxh5 Kh6 41.Kc4 Kg5 42.Ne6+ Kxh5 43.Nxd4 g5
44.fxg6 Kxg6 45.Nf5 Bc3 46.Kd3 Kg5 47.Ke3 Kg4 48.Kf2 Be5 49.Ne3+ Kg5 50.Kf3 Bd6
51.Nf5 Be5 52.Ne7 Bc7 53.Nc6 Bd6 54.Nd4 Be5 55.Ne6+ Kh5 56.Nd8 Bc7 57.Nc6 Bd6
58.Nd4 Kg5 59.Ne6+ Kh5 60.Ng7+ Kg5 61.Nf5 Be5 62.Ne3 Bd4 63.Nd5 Bc5 64.Kg2 Bd6
65.Kf3 Bc5 66.Nf4 Bd6 67.Nd3 Kh5 68.Nb2 Kg5 69.Nd3 Kh5 70.Nf4+ Kg5 71.Ne6+ Kh5
72.Ng7+ Kg5 73.Nf5 Be5 74.Kg2 Kg4 75.Ne3+ Kg5 76.Kh3 Bc7 77.Nf5 Be5 78.Nh4 Bd6
79.Nf3+ Kh5 80.g4+ Kg6 81.Kg2 Bf4 82.Kf2 Bc1 83.Ke2 Bb2 84.Ke3 Bc1+ 85.Kd4 Bb2+
86.Kc4 Bc3 87.Kc5 Kh6 88.Kd6 Kg6 89.Kd7 Kh6 90.Ke7 Kg6 91.Kd6 Bb2 92.Kd7 Kh6
93.Kd6 Kg6 94.g5 fxg5 95.Nh2 Bc3 96.e5 Kf5 97.e6 Bf6 98.Kd7 Kf4 99.e7 Bxe7
100.Kxe7 Ke4 101.Kf6 Kd3 102.Kxg5 Kc3 103.Nf3  1/2-1/2

[Event "34th Olympiad"]
[Site "Istanbul TUR"]
[Date "2000.11.05"]
[Round "8"]
[White "Johannessen,LE"]
[Black "Dervishi,E"]
[Result "0-1"]
[WhiteElo "2422"]
[BlackElo "2478"]

1.d4 Nf6 2.c4 e6 3.Nf3 d5 4.Nc3 Be7 5.Bf4 O-O 6.e3 c5 7.dxc5 Bxc5 8.Qc2 Nc6
9.a3 Qa5 10.O-O-O Be7 11.h4 a6 12.Ng5 Rd8 13.Bd3 h6 14.g4 d4 15.Nce4 Nxg4
16.Nd6 Bxd6 17.Bh7+ Kf8 18.Nxf7 Bxf4 19.Nxd8 dxe3 20.fxe3 Nxe3 21.Qe4 Qe5
22.Qxe5 Bxe5 23.Rd3 Nxc4 24.Rf1+ Bf6 25.Be4 N4e5 26.Rd2 Ke7  0-1